00630nam a2200181Ia 4500952013500000999001700135003000400152005001700156008004100173040000900214082002000223100002300243245005000266260004200316300000800358650003500366942004700401 00102ddc40708LEXIaMESbMEScLEXICONd2019-02-20g15.00l0o380.1032 SHA/Dp17449r2019-02-20 00:00:00w2019-02-20yREFzU18R1 c35924d35924OSt20201218111735.0190216s9999||||xx |||||||||||||| ||und|| coclc a380.1032bSHA/D aShastri, S V97664 0aDictionary Of Commercial Terms /cS V Shastri bS Chand & Company,c1985.aNew Delhi: a88p aDictionary Of Commercial Terms cREF2ddch380.1032iSHA/Dk380.1032mSHA/D